Yūsuf Khān Wa Bībī Sher Bāno. (Record no. 66837)

MARC details
000 -LEADER
fixed length control field 00603cam a22002171 4500
001 - CONTROL NUMBER
control field sa 65010599
003 - CONTROL NUMBER IDENTIFIER
control field DLC
005 - DATE AND TIME OF LATEST TRANSACTION
control field 20260227112209.0
008 - FIXED-LENGTH DATA ELEMENTS--GENERAL INFORMATION
fixed length control field 960920s195u pk 000 0 pusr
010 ## - LIBRARY OF CONGRESS CONTROL NUMBER
LC control number sa 65010599
025 ## - OVERSEAS ACQUISITION NUMBER
Overseas acquisition number PL480:P-Pushto-201
035 ## - SYSTEM CONTROL NUMBER
System control number (OCoLC)35598490
040 ## - CATALOGING SOURCE
Original cataloging agency DLC
Transcribing agency CLU
Modifying agency CLU
-- DLC
042 ## - AUTHENTICATION CODE
Authentication code premarc
050 00 - LIBRARY OF CONGRESS CALL NUMBER
Classification number PK6820.A4
Item number Y8
100 0# - MAIN ENTRY--PERSONAL NAME
Personal name ʻAlī Ḥaydar Joshī.
245 00 - TITLE STATEMENT
Title Yūsuf Khān Wa Bībī Sher Bāno.
Statement of responsibility, etc. author ʻAlī Ḥaydar.
260 ## - PUBLICATION, DISTRIBUTION, ETC.
Place of publication, distribution, etc. Pishāwar Shahar,
Name of publisher, distributor, etc. KutubʻKhānah Nūrāniyah
Date of publication, distribution, etc. [195-?]
300 ## - PHYSICAL DESCRIPTION
Extent 40 p.
Dimensions 25 cm.
500 ## - GENERAL NOTE
General note Poems.

No items available.

Powered by Koha